Individuals Named in Billy Joel's "We Didn't Start the Fire" - Statistics

General Stats
  • This quiz has been taken 652 times
    627 since last reset
  • The average score is 21 of 58
Answer Stats
Hint Answer % Correct
1950 - Politics Richard Nixon
78%
1949 - Politics Harry Truman
77%
1950 - Movies Marilyn Monroe
77%
1949 - Movies Doris Day
73%
1949 - Sports Joe DiMaggio
70%
1960 - Politics John F. Kennedy
67%
1952 - Politics Dwight D. Eisenhower
56%
1955 - Music Elvis Presley
53%
1949 - Music Johnnie Ray
52%
1955 - Physicist Albert Einstein
49%
1955 - Movies James Dean
49%
1950 - Politics Joe McCarthy
48%
1980 - Politics Ronald Reagan
48%
1953 - Politics Joseph Stalin
44%
1962 - Astronaut John Glenn
41%
1983 - Astronaut Sally Ride
41%
1963 - Activist Malcolm X
40%
1952 - Royalty Queen Elizabeth II
40%
1959 - Music Buddy Holly
39%
1955 - Frontiersman Davy Crockett
39%
1949 - Journalism Walter Winchell
38%
1951 - Criminal Ethel Rosenberg
37%
1951 - Criminal Julius Rosenberg
37%
1951 - Movies Marlon Brando
37%
1963 - Religion Pope Paul VI
36%
1959 - Politics Fidel Castro
35%
1960 - Music Chubby Checker
34%
1952 - Music Liberace
34%
1961 - Author Ernest Hemingway
33%
1957 - Sports Mickey Mantle
32%
1956 - Royalty/Movies Grace Kelly
31%
1961 - Music Bob Dylan
30%
1984 - Criminal Bernie Goetz
29%
1952 - Sports Rocky Marciano
28%
1961 - Criminal Adolf Eichmann
27%
1956 - Movies Brigitte Bardot
27%
1954 - Politics Juan Perón
27%
1962 - Sports Sonny Liston
27%
1951 - Sports Sugar Ray Robinson
27%
1962 - Sports Floyd Patterson
26%
1953 - Politics Gamal Abdel Nasser
26%
1979 - Religion/Politics Ayatollah Ruhollah Khomeini
25%
1953 - Politics Georgy Maksimilianovich Malenkov
25%
1977 - Politics Menachem Begin
25%
1953 - Politics Winthrop Rockefeller
25%
1958 - Politics Charles de Gaulle
24%
1952 - Author George Santayana
24%
1954 - Politics/Law Roy Cohn
24%
1953 - Music Sergei Prokofiev
24%
1957 - Author Jack Kerouac
23%
1965 - Politics Ho Chi Minh
22%
1953 - Sports Roy Campanella
22%
1954 - Music Arturo Toscanini
19%
1957 - Author Boris Pasternak
19%
1958 - Criminal Charles Starkweather
19%
1956 - Politics Nikita Khrushchev
18%
1957 - Politics Chou En-Lai
15%
1960 - Politics Syngman Rhee
14%
No matching quizzes found
Score Distribution
Percent of People with Each Score
Percentile by Number Answered
Your Score History
You have not taken this quiz since the last reset